[Event "Kurunegala op 11th"]
[Site "Kurunegala"]
[Date "2019.12.03"]
[Round "8"]
[White "Hewage, Dinupa Adithya"]
[Black "Liyanapathirana, Pasan Vindula"]
[Result "0-1"]
[WhiteElo "1344"]
[BlackElo "1820"]
[PlyCount "66"]
[EventDate "2019.11.30"]
[EventType "swiss"]
[EventRounds "10"]
[EventCountry "SRI"]
[SourceTitle "CBM 193 Extra"]
[Source "ChessBase"]
[SourceDate "2020.01.31"]
[SourceVersion "1"]
[SourceVersionDate "2020.01.31"]
[SourceQuality "1"]

1. e4 e5 2. Nf3 Nf6 3. Nxe5 d6 4. Nf3 Nxe4 5. Be2 d5 6. 0-0 Be7 7. d3 Nd6 8. Bf4 Nc6 9. d4 Be6 10. Nbd2 g5 11. Bg3 Nf5 12. Bb5 h5 13. h3 g4 14. hxg4 hxg4 15. Bxc6+ bxc6 16. Ne5 Nxd4 17. c3 Nf5 18. Nxc6 Nxg3 19. fxg3 Qd6 20. Nxe7 Qxg3 21. Qa4+ Kxe7 22. Qb4+ Qd6 23. Qf4 Rh5 24. Qxd6+ Kxd6 25. Kf2 g3+ 26. Ke2 Bg4+ 27. Nf3 Rh2 28. Rg1 Re8+ 29. Kd3 Bxf3 30. gxf3 Rhe2 31. b4 c5 32. bxc5+ Kxc5 33. Rge1 R8e3# 0-1